St David's Day Trivia - Statistics

General Stats
  • This quiz has been taken 55 times
    41 since last reset
  • The average score is 6 of 13
Answer Stats
Question Answer % Correct
Which country celebrates St David's Day? Wales
92%
On what date does St David's Day occur? 1st March
81%
Flower traditionally worn on this day Daffodil
76%
What does this mean in English? 'Dydd Gŵyl Dewi Hapus' Happy St David's day
76%
colours in the flag Yellow
68%
Colours in the flag of St David Black
59%
Which religion was he a patron saint of Christianity
51%
What is St David's symbol? leek
51%
Which century did St David's Day become a holiday? 18th
49%
In which county is St David's shrine located Pembrokeshire
24%
St David's famous last words were Do {the little things} in life
8%
What year did St David die? 589
3%
On St David's Day it became traditional to bake gingerbread figures of a man riding on a goat. What were they know as? Taffies
3%
No matching quizzes found
Score Distribution
Percent of People with Each Score
Percentile by Number Answered
Your Score History
You have not taken this quiz since the last reset